Groundnut cultivation in Tamilnadu under british rule : (Record no. 42104)

MARC details
000 -LEADER
fixed length control field 00816nam a22002177a 4500
005 - DATE AND TIME OF LATEST TRANSACTION
control field 2010081605245.0
010 ## - LCCN (DPL NO)
LC control number ENG-100503
020 ## - INTERNATIONAL STANDARD BOOK NUMBER
International Standard Book Number 9788190769624
Terms of availability 40.00
035 ## - SYSTEM CONTROL NUMBER
System control number EN-84036
037 ## - SOURCE OF ACQUISITION
Source of stock number/acquisition DBAD/PUB
082 ## - DEWEY DECIMAL CLASSIFICATION NUMBER
Classification number 633.368
100 ## - MAIN ENTRY--PERSONAL NAME
Personal name Gunaseelan, A.
245 ## - TITLE STATEMENT
Title Groundnut cultivation in Tamilnadu under british rule :
Remainder of title (1800 - 1900 A.D.) /
Statement of responsibility, etc by A.Gunaseelan
260 ## - PUBLICATION, DISTRIBUTION, ETC. (IMPRINT)
Place of publication, distribution, etc Tiruvallur
Name of publisher, distributor, etc A.G.A. Publications
Date of publication, distribution, etc 2005
270 ## - ADDRESS
Address 2, Rajiv Gandhi Street, Rajajipuram
City Tiruvallur
Postal code 602001
300 ## - PHYSICAL DESCRIPTION
Extent 104p.
Dimensions 18cm (pbk)
500 ## - GENERAL NOTE
General note includes bibliographical references
650 ## - SUBJECT ADDED ENTRY--TOPICAL TERM
Topical term or geographic name as entry element Peanuts
942 ## - ADDED ENTRY ELEMENTS (KOHA)
Source of classification or shelving scheme Dewey Decimal Classification
Item type English Books
Classification part 633.368
Call number suffix GUN
Holdings
Withdrawn status Lost status Not for loan Collection code Home library Current library Date acquired Source of acquisition Cost, normal purchase price Full call number Barcode Copy number Cost, replacement price Koha item type
    Not For Loan Non-fiction D.B.Act.Division D.B.Act.Division 16/08/2010 DBAD/PUB 40.00 633.368 GUN EN-84036 1 40.00 English Books

© Delhi Public Library
Hit Counter
free hit counter